Математическое моделирование процессов производства бензинов на Павлодарском НХЗ: автореферат диссертации на соискание ученой степени кандидата технических наук; спец. 05.17.07

Bibliografske podrobnosti
Glavni avtor: Дюсова Р. Ризагуль
Korporativna značnica: Национальный исследовательский Томский политехнический университет Инженерная школа природных ресурсов Отделение химической инженерии
Drugi avtorji: Иванчина Э. Д. Эмилия Дмитриевна (научный руководитель)
Izvleček:Заглавие с титульного экрана
Электронная версия печатной публикации
Jezik:ruščina
Izdano: Томск, 2021
Teme:
Online dostop:http://earchive.tpu.ru/handle/11683/68884
Format: MixedMaterials Elektronski Knjiga
KOHA link:https://koha.lib.tpu.ru/cgi-bin/koha/opac-detail.pl?biblionumber=364181

MARC

LEADER 00000nlm0a2200000 4500
001 364181
005 20231102011649.0
035 |a (RuTPU)RU\TPU\retro\21539 
035 |a RU\TPU\retro\21536 
090 |a 364181 
100 |a 20211029d2021 k y0rusy50 ca 
101 0 |a rus 
102 |a RU 
105 |a a dm 000zy 
135 |a drcn ---uucaa 
181 0 |a i  
182 0 |a b 
200 1 |a Математическое моделирование процессов производства бензинов на Павлодарском НХЗ  |e автореферат диссертации на соискание ученой степени кандидата технических наук  |e спец. 05.17.07  |f Р. Дюсова  |g Национальный исследовательский Томский политехнический университет ; науч. рук. Э. Д. Иванчина 
203 |a Текст  |c электронный 
210 |a Томск  |d 2021 
215 |a 1 файл (1 377 КБ) 
229 |a Защита состоится 22.12.2021 г. 
230 |a Электронные текстовые данные (1 файл : 1 377 КБ) 
300 |a Заглавие с титульного экрана 
300 |a Электронная версия печатной публикации 
606 1 |a Бензин  |x Производство  |2 stltpush  |3 (RuTPU)RU\TPU\subj\34002  |9 56083 
610 1 |a электронный ресурс 
610 1 |a авторефераты диссертаций 
610 1 |a труды учёных ТПУ 
610 1 |a математическое моделирование 
610 1 |a процессы 
610 1 |a высокооктановые бензины 
610 1 |a нефти 
610 1 |a катализаторы 
610 1 |a товарные бензины 
610 1 |a технологические установки 
610 1 |a каталитический риформинг 
610 1 |a изомеризация 
610 1 |a прогностическое моделирование 
610 1 |a моторные топлива 
610 1 |a нефтяные месторождения 
610 1 |a Западная Сибирь 
610 1 |a нефтегазовая промышленность 
610 1 |a Казахстан 
675 |a 665.633(04)  |v 4 
686 |a 05.17.07  |2 oksvnk 
700 1 |a Дюсова  |b Р.  |g Ризагуль 
702 1 |a Иванчина  |b Э. Д.  |c химик  |c профессор Томского политехнического университета, доктор технических наук  |f 1951-  |g Эмилия Дмитриевна  |x TPU  |2 stltpush  |3 (RuTPU)RU\TPU\pers\24966  |4 727 
712 0 2 |a Национальный исследовательский Томский политехнический университет  |b Инженерная школа природных ресурсов  |b Отделение химической инженерии  |h 8085  |2 stltpush  |3 (RuTPU)RU\TPU\col\23513 
801 2 |a RU  |b 63413507  |c 20211112  |g RCR 
856 4 |u http://earchive.tpu.ru/handle/11683/68884 
942 |c CF